LEADER 02739cam a2200757 a 4500
001 nkc20152662639
003 CZ PrNK
005 20150610073116.0
007 ta
008 150430s2014 xr c e 000 1acze d
015 |a cnb002662639 
020 |a 978-80-7474-100-5  |q (brož.) 
035 |a (OCoLC)913563602 
040 |a KLG001  |b cze  |d ABA001 
041 1 |a cze  |h fre 
043 |a e-fr--- 
045 |a x0x8 
072 7 |a 27-78  |x Křesťanská sdružení, spolky a organizace. Řeholní řády  |2 Konspekt  |9 5 
072 7 |a 929  |x Biografie  |2 Konspekt  |9 8 
080 |a 27-789.255  |2 MRF 
080 |a 929  |2 MRF 
080 |a 27-788-1/-9  |2 MRF 
080 |a 27-58-472  |2 MRF 
080 |a 27-584.5  |2 MRF 
080 |a 2-587.7  |2 MRF 
080 |a 27-534.3  |2 MRF 
080 |a (44)  |2 MRF 
080 |a (0:82-94)  |2 MRF 
080 |a (0:82-6)  |2 MRF 
100 0 |a Jeroným,  |c otec,  |d 1907-1985  |7 jn20000603227  |4 aut 
245 1 0 |a Dobré vlivy /  |c Otec Jeroným ; [přeložil Oldřich Selucký] 
250 |a Vyd. v tomto souboru 1. 
260 |a Praha :  |b Triáda,  |c 2014 
300 |a 190 s. :  |b 1 portrét ;  |c 19 cm 
490 1 |a Delfín ;  |v sv. 140 
500 |a Přeloženo z francouzštiny 
504 |a Obsahuje bibliografické odkazy 
600 0 7 |a Jeroným,  |c otec,  |d 1907-1985  |7 jn20000603227  |2 czenas 
610 2 7 |a Abbaye de Sept-Fons (Moulin, Francie)  |7 kn20031113006  |2 czenas 
648 7 |a 20. století  |7 ch460558  |2 czenas 
648 4 |a 1907-1985 
650 0 7 |a trapisté  |7 ph126723  |z Francie  |y 20. století  |2 czenas 
650 0 7 |a řeholní život  |7 ph128285  |z Francie  |y 20. století  |2 czenas 
650 0 7 |a duchovní vedení  |7 ph119638  |z Francie  |y 20. století  |2 czenas 
650 0 7 |a duchovní cesta  |7 ph119626  |2 czenas 
650 0 7 |a duchovní zkušenosti  |7 ph547723  |2 czenas 
650 0 7 |a křesťanská modlitba  |7 ph122103  |2 czenas 
650 0 9 |a Trappists  |z France  |y 20th century  |2 eczenas 
650 0 9 |a monastic life  |x France  |y 20th century  |2 eczenas 
650 0 9 |a spiritual leadership  |z France  |y 20th century  |2 eczenas 
650 0 9 |a spiritual path  |2 eczenas 
650 0 9 |a spiritual experiences  |2 eczenas 
650 0 9 |a Christian prayer  |2 eczenas 
655 7 |a autobiografické vzpomínky  |7 fd131854  |2 czenas 
655 7 |a korespondence  |7 fd132681  |2 czenas 
655 7 |a vzpomínky  |7 fd133830  |2 czenas 
655 9 |a autobiographical reminiscences  |2 eczenas 
655 9 |a correspondence  |2 eczenas 
655 9 |a reminiscences  |2 eczenas 
700 1 |a Selucký, Oldřich,  |d 1955-  |7 mzk2005266292  |4 trl 
830 0 |a Delfín (Triáda)  |0 s 
910 2 |a BOA001  |b 1-1346.613 
990 |a BK 
995 |a 01 
991 |b 201505  |c NOV  |e n 
996 6 |b 2610633252  |c 1-1346.613  |l MZK  |r Sklad / do 1 hodiny  |n 5  |p p.v.  |w 001505837  |u 000010  |a 1  |e BOA001  |j MZK50  |s P